Eastbound & down. The complete third season /

Picking up a year after Season 2 ends, the still-audacious Kenny goes to Myrtle Beach, SC, a tourist destination filled with fireworks stores, mini-golf and underage boozing and somehow resurrects his baseball career as the closer for the minor-league Myrtle Beach Mermen. Kenny struggles to come to...

Full description

Bibliographic Details
Uniform Title:Eastbound & down (Television program).
Corporate Authors: Home Box Office (Firm), Warner Home Video (Firm)
Other Authors: McBride, Danny, 1976-, Mixon, Katy, 1981-, Hawkes, John, 1959-, Little, Steve
Format: Video DVD
Language:English
French
Spanish
Language Notes:English, French or Spanish dialogue; Spanish, English or French subtitles; closed-captioned.
Published: [New York, N.Y.] : : Home Box Office ; [2012]
Subjects:

MARC

Tag First Indicator Second Indicator Subfields
LEADER 00000cgm a2200000Ia 4500
001 in00003426921
005 20151206090922.0
007 vd cvaizq
008 120914p20122010nyu311 e vleng d
020 |a 0780695143 
020 |a 9780780695146 
024 1 |a 883929243006 
028 4 2 |a 1000285454  |b Home Box Office 
035 |a (OCoLC)ocn809951232 
035 |a (OCoLC)809951232 
037 |b Midwest Tape  |n http://www.midwesttapes.com 
040 |a TEFMT  |c TEFMT  |d TEF  |d IEP  |d VP@  |d IH9  |d OCLCF  |d TXA  |d UtOrBLW 
041 1 |a eng  |a fre  |a spa  |j spa  |j eng  |j fre  |h eng 
043 |a n-us---  |a n-us-nc 
049 |a TXAM 
050 4 |a PN1992.77  |b .E27 2012 
082 0 4 |a 791.45/75  |2 23 
090 |a PN1992.77.E27  |b E273 2012 
130 0 |a Eastbound & down (Television program).  |n Season 3. 
245 1 0 |a Eastbound & down.  |n The complete third season /  |c HBO. 
246 3 |a Eastbound and down  |n Season 3 
246 3 |a Eastbound & down.  |n Season 3 
264 1 |a [New York, N.Y.] :  |b  :  |b Home Box Office ;  |c [2012] 
264 2 |a Burbank, CA :  |b Distributed by Warner Home Video, 
264 4 |c ©2012 
300 |a 2 videodiscs (311 min.) :  |b sound, color ;  |c 4 3/4 in. 
336 |a two-dimensional moving image  |b tdi  |2 rdacontent 
337 |a video  |b v  |2 rdamedia 
338 |a videodisc  |b vd  |2 rdacarrier 
538 |a DVD, region 1, widescreen (1.78:1) & full screen presentation; Dolby digital 5.1, AC-3, NTSC. 
546 |a English, French or Spanish dialogue; Spanish, English or French subtitles; closed-captioned. 
511 1 |a Danny R. McBride, John Hawkes, Katy Mixon, Steve Little. 
500 |a Originally broadcast as single episodes of a television series, 2010-2011. 
520 |a Picking up a year after Season 2 ends, the still-audacious Kenny goes to Myrtle Beach, SC, a tourist destination filled with fireworks stores, mini-golf and underage boozing and somehow resurrects his baseball career as the closer for the minor-league Myrtle Beach Mermen. Kenny struggles to come to terms with growing older, both in his personal life, and professionally. 
500 |a Special features: Bloopers reel; deleted scenes; "Dinner at Schaeffer's"; 8 audio commentaries. 
500 |a Videorecording. 
650 0 |a Pitchers (Baseball)  |z United States  |v Drama. 
650 0 |a Families  |z North Carolina  |v Drama. 
650 0 |a Middle school teachers  |z North Carolina  |v Drama. 
650 0 |a Men  |x Conduct of life  |v Drama. 
650 7 |a Jugadores de beísbol  |z Estados Unidos  |v Teatro.  |2 bidex 
650 7 |a Familias  |z Carolina del Norte  |v Teatro.  |2 bidex 
650 7 |a Hombres  |x Conducta (Ética)  |v Teatro.  |2 bidex 
655 7 |a Television comedies.  |2 lcgft 
655 7 |a Television series.  |2 lcgft 
655 7 |a Fiction television programs.  |2 lcgft 
655 7 |a Video recordings for the hearing impaired.  |2 lcgft 
700 1 |a McBride, Danny,  |d 1976- 
700 1 |a Mixon, Katy,  |d 1981- 
700 1 |a Hawkes, John,  |d 1959- 
700 1 |a Little, Steve. 
710 2 |a Home Box Office (Firm) 
710 2 |a Warner Home Video (Firm) 
994 |a C0  |b TXA 
948 |a cataloged  |b h  |c 2014/1/21  |d c  |e blrosas  |f 12:46:54 pm 
999 |a MARS 
999 f f |s 8a2a7262-7d25-3339-bd7b-7e69b5142c83  |i 33bec39d-2194-37c6-a616-8fb1f01d5453  |t 0 
952 f f |p dvd  |a Texas A&M University  |b College Station  |c Sterling C. Evans Library  |d Evans: Media and Reserves (Annex 1st floor)  |t 0  |e PN1992.77.E27 E273 2012  |h Library of Congress classification  |i video -- videodisc  |m A14842258767 
998 f f |a PN1992.77.E27 E273 2012  |t 0  |l Evans: Media and Reserves (Annex 1st floor)